00727cam a2200205 a 450000500170000000800410001704000240005804100080008204400070009008200180009710000350011524500750015026000390022530000740026450400410033865000130037965000350039265000320042771000620045920191224041711.0031110s2003 ck ao r 000 0 spa d aCO-BoPUJcCO-BoIAVH0 aspa ack04a631.371bU76c1 aUribe Moreno, María Victoria10aCartilla técnica biodigestoresctextos María Victoria Uribe Moreno aMedellín :bCORANTIOQUIA,c2003. a16 páginas :bilustraciones, fotos a color ;c27 x 21 centímetros aIncluye referencias bibliográficas26aBiogás24aBiodigestoresvClasificación26aAprovechamiento de desechos2 aCorporación Autónoma Regional del Centro de Antioquia